000 00649nam a22002057a 4500
005 20251108164317.0
008 250721s1998 xx 000 0 ara d
082 1 4 _a418.02/عال
100 1 _aالشناق، عبد الله
_eمحرر
245 1 0 _aعالم الترجمة /
264 1 _aعمان :
_bجمعية المترجمين الأردنيين،
_c1998.
300 _aمج1.
650 1 7 _aالترجمة
650 1 7 _aاللغة العربية
650 1 7 _aاللغة الإنجليزية
700 1 _aالكرمي، زهير
_eتحرير
700 1 _aالصرايرة، محمد
_eتحرير
942 _2ddc
_cBK
999 _c8993
_d8993